00193nam a22000857a 4500082001800000100001700018245003200035260003100067300000900098 a621.462 DUD'C aDUDLEY, A. M aCONNECTING INDUCTION MOTORS aNEWYORKbMCGRAW HILLc1936 a464P